Name a stand-up - Statistics

General Stats
  • This quiz has been taken 9 times
  • The average score is 10 of 16
Answer Stats
Picture Answer % Correct
Jimmy Carr
100%
Ricky Gervais
100%
Chris Rock
88%
Eddie Murphy
88%
Jim Carrey
88%
George Carlin
75%
Carrot Top
63%
Dave Chappelle
63%
Kevin Hart
63%
Louis C.K.
63%
Tim Minchin
50%
Bill Burr
38%
Fluffy
38%
Patton Oswalt
38%
Bill Hicks
25%
Sindhu Vee
0%
No matching quizzes found
Score Distribution
Percent of People with Each Score
Percentile by Number Answered
Your Score History
You have not taken this quiz